Answers Contain "Rainbow" 🌈 - Statistics

General Stats
  • This quiz has been taken 109 times
    25 since last reset
  • The average score is 9 of 19
Answer Stats
Hint Answer % Correct
Fish native to Pacific Ocean tributaries in Asia and North America rainbow trout
83%
1939 ballad from The Wizard of Oz Over the Rainbow
79%
Skittles advertising slogan Taste the rainbow
79%
1983–2006 educational children's TV series hosted by LeVar Burton Reading Rainbow
71%
Symbol of various movements: LGBT, peace, and Andean indigenism rainbow flag
67%
Iconic level in Mario Kart Rainbow Road
54%
Where pets go upon their deaths, to be later reunited with their owners Rainbow Bridge
46%
A political alliance of differing groups rainbow coalition
46%
1967 psychedelic pop single by the Rolling Stones {She}'s a Rainbow
42%
Core member of My Little Pony since 2010 Rainbow {Dash}
38%
1994 term for post-apartheid South Africa coined by Desmond Tutu Rainbow nation
38%
2007 Radiohead album with pay-what-you-want scheme In Rainbows
33%
1984: The debut of this animated character created by Hallmark Rainbow Brite
33%
1979 song from The Muppet Movie Rainbow Connection
33%
2010: Paul "Bear" Vasquez goes viral with his reaction to this phenomenon. double rainbow
29%
1973 Thomas Pynchon novel, considered one of the greatest {Gravity}'s Rainbow
29%
1998 techno-thriller novel written by Tom Clancy Rainbow Six
29%
1915 novel by D. H. Lawrence {The} Rainbow
25%
Creator god of Australian Aboriginal peoples Rainbow {Serpent}
21%
No matching quizzes found
Score Distribution
Percent of People with Each Score
Percentile by Number Answered
Your Score History
You have not taken this quiz since the last reset